|
|
|
|
| LEADER |
00000cam a22000004a 4500 |
| 001 |
musev2_1264 |
| 003 |
MdBmJHUP |
| 005 |
20230905040208.0 |
| 006 |
m o d |
| 007 |
cr||||||||nn|n |
| 008 |
080421s2008 pau o 00 0 eng d |
| 010 |
|
|
|z 2008018112
|
| 020 |
|
|
|a 9780827610002
|
| 020 |
|
|
|z 0827608357
|
| 020 |
|
|
|z 9780827608351
|
| 020 |
|
|
|z 0827610009
|
| 035 |
|
|
|a (OCoLC)694363680
|
| 040 |
|
|
|a MdBmJHUP
|c MdBmJHUP
|
| 041 |
1 |
|
|a eng
|a yid
|h yid
|
| 043 |
|
|
|a e-xr---
|
| 050 |
0 |
4 |
|a BM726
|b .T5513 2008
|
| 082 |
0 |
|
|a 296.7082
|2 22
|
| 100 |
1 |
|
|a Ṭiḳṭiner, Rivḳah bat Meʼir.
|
| 240 |
1 |
0 |
|a Meneḳes̀ Rivḳeh.
|l English & Yiddish
|
| 245 |
1 |
0 |
|a Meneket Rivkah :
|b A Manual of Wisdom and Piety for Jewish Women (Edward E. Elson Classic) /
|c by Rivka bat Meir ; edited with an introduction and commentary by Frauke von Rohden.
|
| 250 |
|
|
|a 1st ed.
|
| 264 |
|
1 |
|a Philadelphia :
|b Jewish Publication Society,
|c 2008.
|
| 264 |
|
3 |
|a Baltimore, Md. :
|b Project MUSE,
|c 2012
|
| 264 |
|
4 |
|c ©2008.
|
| 300 |
|
|
|a 1 online resource:
|b ill. ;
|
| 336 |
|
|
|a text
|b txt
|2 rdacontent
|
| 337 |
|
|
|a computer
|b c
|2 rdamedia
|
| 338 |
|
|
|a online resource
|b cr
|2 rdacarrier
|
| 504 |
|
|
|a Includes bibliographical references (p. 287-295) and index.
|
| 505 |
0 |
|
|a Rivka bat Meir -- Meneket Rivkah -- The literary style: between morality book and homiletic work -- Ideals of conduct and social practices -- On research -- Meneket Rivkah -- Appendix I: Meneket Rivkah: Yiddish text (Prague 1609) -- Appendix II: Simhes Toyre lid: original Yiddish text.
|
| 588 |
|
|
|a Description based on print version record.
|
| 650 |
|
0 |
|a Jews
|z Czech Republic
|z Prague
|x History
|y 17th century.
|
| 650 |
|
0 |
|a Jews
|z Czech Republic
|z Prague
|x History
|y 16th century.
|
| 650 |
|
0 |
|a Jewish women
|x Religious life
|v Early works to 1800.
|
| 650 |
|
0 |
|a Jewish women
|x Conduct of life
|v Early works to 1800.
|
| 600 |
1 |
0 |
|a Ṭiḳṭiner, Rivḳah bat Meʼir.
|t Meneḳes̀ Rivḳeh.
|
| 655 |
|
7 |
|a Electronic books.
|2 local
|
| 700 |
1 |
2 |
|a Ṭiḳṭiner, Rivḳah bat Meʼir.
|t Śimḥes̀ Toyreh lid.
|
| 700 |
1 |
|
|a Rohden, Frauke von.
|
| 710 |
2 |
|
|a Project Muse.
|e distributor
|
| 830 |
|
0 |
|a Book collections on Project MUSE.
|
| 856 |
4 |
0 |
|z Texto completo
|u https://projectmuse.uam.elogim.com/book/1264/
|
| 945 |
|
|
|a Project MUSE - Custom Collection
|
| 945 |
|
|
|a Project MUSE - Archive Complete Foundation
|
| 945 |
|
|
|a Project MUSE - Archive Philosophy and Religion Foundation
|
| 945 |
|
|
|a Project MUSE - Archive Jewish Studies Foundation
|